Report on issues related to education of the Muslim community in Sri Lanka (Record no. 4668)

MARC details
000 -LEADER
fixed length control field 00489nam a2200145 4500
008 - FIXED-LENGTH DATA ELEMENTS--GENERAL INFORMATION
fixed length control field 240121b |||||||| |||| 00| 0 eng d
082 ## - DEWEY DECIMAL CLASSIFICATION NUMBER
Classification number 370.8
Item number SRI
942 ## - ADDED ENTRY ELEMENTS (KOHA)
Item Type Reports
110 ## - MAIN ENTRY--CORPORATE NAME
Corporate Name Sri Lanka, Ministry of Education
245 ## - TITLE STATEMENT
Title Report on issues related to education of the Muslim community in Sri Lanka
260 ## - PUBLICATION, DISTRIBUTION, ETC. (IMPRINT)
Place of Publication Colombo:
Name of Publisher Ministry of Education,
Date of Copyright 2009
300 ## - PHYSICAL DESCRIPTION
Extent 74 p.
Physical Details Reference included
650 ## - SUBJECT ADDED ENTRY--TOPICAL TERM
Topical Term MUSLIM COMMUNITIES-Education-Sri Lanka
650 ## - SUBJECT ADDED ENTRY--TOPICAL TERM
Topical Term Minority education-Sri Lanka
Holdings
Withdrawn status Lost status Source of classification or shelving scheme Damaged status Not for loan Permanent location Current location Date acquired Total Checkouts Full call number Barcode Date last seen Price effective from Koha item type
    Dewey Decimal Classification     Resource center, Muslim Women's Research And Action Forum Resource center, Muslim Women's Research And Action Forum 2024-01-21   370.8 SRI RAF4906 2024-01-21 2024-01-21 Reports

Copyright © 2023 Muslim Women's Research and Action Forum (MWRAF), No 27/3, Anderson Road, Kalubowila, Dehiwela. Funded by The Asia Fundation